[Event "Karposh Open  2012"]
[Site "Skopje MKD"]
[Date "2012.04.13"]
[Round "8.52"]
[White "Jonoska, Katerina"]
[Black "Krstevski, Vlatko"]
[Result "0-1"]
[WhiteElo "1982"]
[BlackElo "2148"]
[PlyCount "68"]
[EventDate "2012.04.07"]
[EventType "swiss"]
[EventRounds "9"]
[Source "lmi"]
[SourceDate "2012.04.07"]

1. e4 c5 2. Nc3 d6 3. f4 Nc6 4. Nf3 Nf6 5. d4 cxd4 6. Nxd4 Qb6 7. Nb3 g6 8. Qf3
Bg7 9. Be3 Qd8 10. h3 O-O 11. O-O-O Bd7 12. g4 Rc8 13. g5 Nh5 14. Nd5 e6 15.
Nf6+ Nxf6 16. gxf6 Qxf6 17. Nd4 e5 18. Nxc6 Bxc6 19. Be2 Qe6 20. b3 exf4 21.
Qxf4 Bxe4 22. Bc4 d5 23. Rhe1 dxc4 24. Bd4 f5 25. Bxg7 Kxg7 26. Rd6 Qe7 27. b4
Rce8 28. Red1 Rd8 29. Rxd8 Rxd8 30. Rxd8 Qxd8 31. Qe5+ Qf6 32. Qc7+ Kh6 33.
Qxc4 Qa1+ 34. Kd2 Qh1 0-1

[Event "Karposh Open  2012"]
[Site "Skopje MKD"]
[Date "2012.04.13"]
[Round "8.57"]
[White "Franca, Veronika"]
[Black "Matijevic, Filip"]
[Result "0-1"]
[WhiteElo "1863"]
[BlackElo "2061"]
[PlyCount "94"]
[EventDate "2012.04.07"]
[EventType "swiss"]
[EventRounds "9"]
[Source "lmi"]
[SourceDate "2012.04.07"]

1. d4 Nf6 2. c4 g6 3. Nc3 d5 4. Nf3 Bg7 5. Bg5 dxc4 6. e3 Be6 7. Be2 O-O 8. O-O
c5 9. dxc5 Qa5 10. Nd4 Qxc5 11. Nxe6 fxe6 12. Bxf6 exf6 13. Qa4 Rc8 14. Bf3 Nc6
15. Ne4 Qe7 16. Qxc4 Ne5 17. Qb3 Nxf3+ 18. gxf3 f5 19. Ng3 Rc6 20. Rab1 Rac8
21. Qd3 Rc2 22. Qb3 h5 23. Rfe1 h4 24. Ne2 R8c6 25. f4 Rd2 26. Nc3 h3 27. Rbd1
Rxb2 28. Qxb2 Bxc3 29. Qe2 Bxe1 30. Rxe1 Qh4 31. Kf1 Qg4 32. Qxg4 fxg4 33. Rd1
Rc2 34. a4 Kf7 35. Ke1 Kf6 36. Rd2 Rxd2 37. Kxd2 Kf5 38. Kd3 e5 39. fxe5 Kxe5
40. Kc4 Ke4 41. Kc5 g3 42. fxg3 Kxe3 43. Kd6 Kf2 44. Kc7 Kg2 45. Kxb7 Kxh2 46.
a5 Kxg3 47. a6 h2 0-1

[Event "Karposh Open  2012"]
[Site "Skopje MKD"]
[Date "2012.04.13"]
[Round "8.60"]
[White "Tairi, Krenar"]
[Black "Bejatovic, Bojana"]
[Result "1/2-1/2"]
[WhiteElo "1804"]
[BlackElo "1944"]
[PlyCount "66"]
[EventDate "2012.04.07"]
[EventType "swiss"]
[EventRounds "9"]
[Source "lmi"]
[SourceDate "2012.04.07"]

1. d4 d6 2. c4 f5 3. Nc3 Nf6 4. Nf3 c6 5. Bf4 g6 6. e3 Bg7 7. Bd3 O-O 8. O-O
Nh5 9. Re1 Nd7 10. Bf1 e5 11. dxe5 dxe5 12. Bg5 Qe8 13. Bh4 e4 14. Nd4 Ne5 15.
Be2 Kh8 16. Rb1 Qf7 17. b3 Bd7 18. a3 Rae8 19. c5 Bc8 20. b4 a6 21. a4 Ng4 22.
b5 axb5 23. axb5 Qc7 24. Bxg4 fxg4 25. bxc6 bxc6 26. Rb6 Bd7 27. Qb1 Be5 28.
Rb7 Qa5 29. Rxd7 Qxc3 30. Rc1 Qd2 31. Rd1 Qc3 32. Rc1 Qd2 33. Rd1 Qc3 1/2-1/2

[Event "Karposh Open  2012"]
[Site "Skopje MKD"]
[Date "2012.04.13"]
[Round "8.61"]
[White "Gjorgjevski, Janco"]
[Black "Nikolovska, Dragana"]
[Result "0-1"]
[WhiteElo "1936"]
[BlackElo "1773"]
[PlyCount "120"]
[EventDate "2012.04.07"]
[EventType "swiss"]
[EventRounds "9"]
[Source "lmi"]
[SourceDate "2012.04.07"]

1. d4 Nf6 2. c4 c5 3. d5 b5 4. cxb5 a6 5. bxa6 g6 6. Nf3 Bxa6 7. Nc3 d6 8. g3
Bg7 9. Bg2 O-O 10. O-O Nbd7 11. Re1 Nb6 12. e4 Ng4 13. a4 Nc4 14. Bf1 Nge5 15.
Nxe5 Bxe5 16. Qc2 Qa5 17. Rb1 Rfb8 18. Rd1 Rb7 19. Nb5 Bxb5 20. axb5 Nb6 21.
Bd2 Qa2 22. Bc3 Bxc3 23. Qxc3 Qa4 24. b4 c4 25. Bxc4 Rc8 26. Rd4 Rbc7 27. Ra1
Rxc4 28. Rxc4 Rxc4 29. Rxa4 Rxc3 30. Ra6 Rc4 31. Rxb6 Rxe4 32. Rb8+ Kg7 33. b6
Rxb4 34. b7 Kf6 35. Kf1 Rb2 36. Ke1 Ke5 37. Rh8 Rxb7 38. Rxh7 f6 39. Rg7 g5 40.
h4 gxh4 41. gxh4 Kxd5 42. h5 Ke6 43. Ke2 Rb3 44. f3 Rb2+ 45. Ke3 Rh2 46. Rh7 d5
47. Kd4 Kd6 48. Rh8 e5+ 49. Kd3 Rh3 50. Ke2 e4 51. fxe4 dxe4 52. Kf2 e3+ 53.
Ke2 Ke5 54. Re8+ Kf4 55. Re6 f5 56. h6 Rh2+ 57. Kf1 Kf3 58. Kg1 Rh4 59. Rf6 f4
60. Re6 e2 0-1

[Event "Karposh Open  2012"]
[Site "Skopje MKD"]
[Date "2012.04.13"]
[Round "8.62"]
[White "Batkoski, Nenad"]
[Black "Cavusoglu, Yildiz"]
[Result "1/2-1/2"]
[WhiteElo "1892"]
[BlackElo "1971"]
[PlyCount "33"]
[EventDate "2012.04.07"]
[EventType "swiss"]
[EventRounds "9"]
[Source "lmi"]
[SourceDate "2012.04.07"]

1. e4 c6 2. d4 d5 3. e5 Bf5 4. Nf3 e6 5. c3 c5 6. Qa4+ Nc6 7. Bb5 Qc7 8. O-O
Rc8 9. Qxa7 cxd4 10. Nxd4 Nge7 11. Bg5 Bg6 12. Ba4 h6 13. Bh4 Nf5 14. Bg3 Be7
15. Nb5 Qd7 16. Qb6 O-O 17. Nd4 1/2-1/2

[Event "Karposh Open  2012"]
[Site "Skopje MKD"]
[Date "2012.04.13"]
[Round "8.63"]
[White "Gjeorgjievski, Done"]
[Black "Ranic, Viktor"]
[Result "0-1"]
[WhiteElo "1829"]
[BlackElo "1941"]
[PlyCount "44"]
[EventDate "2012.04.07"]
[EventType "swiss"]
[EventRounds "9"]
[Source "lmi"]
[SourceDate "2012.04.07"]

1. e4 d5 2. exd5 Qxd5 3. Nc3 Qa5 4. Bc4 c6 5. d3 Nf6 6. Bd2 Qc7 7. h3 Bf5 8.
Nf3 e6 9. Qe2 Nbd7 10. Nd4 Bg6 11. Bxe6 fxe6 12. Nxe6 Qe5 13. Qxe5 Nxe5 14.
Nc7+ Kd7 15. Nxa8 Bd6 16. O-O Rxa8 17. Rfe1 h5 18. Bg5 Rg8 19. Bh4 Nf7 20. Kf1
Nh6 21. Bxf6 gxf6 22. Ne4 Be7 0-1

[Event "Karposh Open  2012"]
[Site "Skopje MKD"]
[Date "2012.04.13"]
[Round "8.64"]
[White "Karatrajkov, Nikola"]
[Black "Stojkovska, Monika"]
[Result "1-0"]
[WhiteElo "1770"]
[BlackElo "1936"]
[PlyCount "59"]
[EventDate "2012.04.07"]
[EventType "swiss"]
[EventRounds "9"]
[Source "lmi"]
[SourceDate "2012.04.07"]

1. c4 c5 2. Nc3 Nf6 3. g3 d5 4. cxd5 Nxd5 5. Bg2 Nc7 6. Nf3 Nc6 7. Qc2 e5 8. e3
Be7 9. a3 O-O 10. b3 Rb8 11. Bb2 f6 12. O-O Be6 13. d3 Qd7 14. Rad1 Rfd8 15.
Ne4 Na5 16. Nxc5 Bxc5 17. Qxc5 b6 18. Qb4 Bxb3 19. Rd2 Rbc8 20. Qh4 Qe8 21. Bc3
Qg6 22. Bxa5 bxa5 23. Bh3 Be6 24. Bxe6+ Nxe6 25. Qa4 Rxd3 26. Nh4 Rxd2 27. Nxg6
hxg6 28. Rd1 Rxd1+ 29. Qxd1 Ng5 30. Qd5+ 1-0

[Event "Karposh Open  2012"]
[Site "Skopje MKD"]
[Date "2012.04.13"]
[Round "8.66"]
[White "Nikolov, Kole"]
[Black "Cvetkovski, Slobodan"]
[Result "1/2-1/2"]
[WhiteElo "1715"]
[BlackElo "1927"]
[PlyCount "58"]
[EventDate "2012.04.07"]
[EventType "swiss"]
[EventRounds "9"]
[Source "lmi"]
[SourceDate "2012.04.07"]

1. e4 e6 2. Nf3 c5 3. c3 d6 4. d4 cxd4 5. cxd4 Nf6 6. Nc3 Be7 7. Be2 O-O 8. O-O
Nc6 9. a3 a6 10. Be3 d5 11. e5 Ng4 12. Bc1 f5 13. h3 Nh6 14. Bxh6 gxh6 15. Qd2
Bg5 16. Nxg5 hxg5 17. f4 h6 18. fxg5 Qxg5 19. Rad1 Qxd2 20. Rxd2 b5 21. g4 fxg4
22. Rxf8+ Kxf8 23. Bxg4 Bd7 24. Ne2 Ke7 25. Nf4 Rg8 26. Kg2 Na5 27. Kg3 Nc4 28.
Re2 Be8 29. Kh4 Bf7 1/2-1/2

[Event "Karposh Open  2012"]
[Site "Skopje MKD"]
[Date "2012.04.13"]
[Round "8.71"]
[White "Konstantinov, Aleksandar"]
[Black "Peev, Kosta"]
[Result "1-0"]
[WhiteElo "1748"]
[BlackElo "1625"]
[PlyCount "71"]
[EventDate "2012.04.07"]
[EventType "swiss"]
[EventRounds "9"]
[Source "lmi"]
[SourceDate "2012.04.07"]

1. Nf3 f5 2. d3 Nf6 3. Nbd2 d5 4. g3 c6 5. Bg2 e6 6. O-O Bc5 7. Qe1 O-O 8. e4
fxe4 9. dxe4 b6 10. exd5 exd5 11. Nb3 Bd6 12. Bd2 Bg4 13. h3 Bh5 14. Nfd4 Re8
15. Qc1 Qc7 16. Re1 Nbd7 17. Ne6 Qb8 18. Nbd4 Qc8 19. Nf5 Bf8 20. Nxf8 Rxe1+
21. Qxe1 Qxf8 22. Ne7+ Kh8 23. Nxc6 Re8 24. Be3 Ne4 25. g4 Bg6 26. Rd1 Ne5 27.
Nxe5 Rxe5 28. Qe2 Qe8 29. Qf3 Nf6 30. c3 Be4 31. Qg3 Bxg2 32. Qxg2 Re4 33. g5
Qh5 34. Rd2 Ng4 35. Qxe4 Nxe3 36. Qxe3 1-0

[Event "Karposh Open  2012"]
[Site "Skopje MKD"]
[Date "2012.04.13"]
[Round "8.72"]
[White "Mihtis, Theodoros"]
[Black "Lakinska, Simona"]
[Result "1-0"]
[WhiteElo "1746"]
[BlackElo "1690"]
[PlyCount "60"]
[EventDate "2012.04.07"]
[EventType "swiss"]
[EventRounds "9"]
[Source "lmi"]
[SourceDate "2012.04.07"]

1. d4 Nf6 2. Nf3 d5 3. Bf4 Bf5 4. c4 e6 5. Qb3 Qc8 6. Nc3 c6 7. e3 Nbd7 8. cxd5
Nxd5 9. Bg3 Bb4 10. Be2 O-O 11. O-O N7f6 12. Nh4 Bxc3 13. bxc3 Bg6 14. Nxg6
hxg6 15. c4 Nb6 16. Bf3 Nh5 17. Bxh5 gxh5 18. Rab1 c5 19. Bd6 Rd8 20. Bxc5 Nd7
21. Be7 Re8 22. Bd6 b6 23. Rfc1 Qc6 24. c5 bxc5 25. dxc5 Rec8 26. Qd1 g6 27.
Qf3 Qxf3 28. gxf3 Rc6 29. Rb7 Nf6 30. Rcb1 Kg7 1-0

[Event "Karposh Open  2012"]
[Site "Skopje MKD"]
[Date "2012.04.14"]
[Round "9.2"]
[White "Berkes, Ferenc"]
[Black "Delchev, Aleksander"]
[Result "1/2-1/2"]
[WhiteElo "2682"]
[BlackElo "2622"]
[PlyCount "38"]
[EventDate "2012.04.07"]
[EventType "swiss"]
[EventRounds "9"]
[Source "lmi"]
[SourceDate "2012.04.07"]

1. d4 d5 2. Nf3 c5 3. c4 e6 4. cxd5 exd5 5. Nc3 Nc6 6. Bf4 c4 7. e4 Nf6 8. Bg5
dxe4 9. Ne5 Qxd4 10. Qxd4 Nxd4 11. O-O-O Ne6 12. Bh4 Bb4 13. Bxc4 Bxc3 14. bxc3
a6 15. Rhe1 O-O 16. Rd6 b5 17. Bb3 Nc5 18. Bxf6 gxf6 19. Rxf6 Be6 1/2-1/2

[Event "Karposh Open  2012"]
[Site "Skopje MKD"]
[Date "2012.04.14"]
[Round "9.4"]
[White "Solak, Dragan"]
[Black "Georgiev, Vladimir"]
[Result "1-0"]
[WhiteElo "2602"]
[BlackElo "2531"]
[PlyCount "71"]
[EventDate "2012.04.07"]
[EventType "swiss"]
[EventRounds "9"]
[Source "lmi"]
[SourceDate "2012.04.07"]

1. e4 e5 2. Nf3 Nc6 3. Bb5 a6 4. Bxc6 dxc6 5. O-O Qf6 6. d4 exd4 7. Bg5 Qd6 8.
Nxd4 Bd7 9. Nc3 Ne7 10. Be3 c5 11. Nde2 Qxd1 12. Raxd1 b6 13. Rd2 O-O-O 14.
Rfd1 h6 15. Bf4 f6 16. e5 fxe5 17. Bxe5 Nc6 18. Bg3 Be7 19. Bxc7 Kxc7 20. Nd5+
Kc8 21. Nxb6+ Kc7 22. Nd5+ Kc8 23. Nb6+ Kc7 24. Nxd7 Rhe8 25. Kf1 g5 26. Ng3
Nd4 27. c3 Rxd7 28. cxd4 Red8 29. Nf5 Bf6 30. Rc2 Rd5 31. Ne3 Rxd4 32. Rxc5+
Kb7 33. Rxd4 Rxd4 34. b3 Rd2 35. Rc2 Rd7 36. Ke2 1-0

[Event "Karposh Open  2012"]
[Site "Skopje MKD"]
[Date "2012.04.14"]
[Round "9.5"]
[White "Bogdanovski, Vlatko"]
[Black "Palac, Mladen"]
[Result "1/2-1/2"]
[WhiteElo "2435"]
[BlackElo "2593"]
[PlyCount "26"]
[EventDate "2012.04.07"]
[EventType "swiss"]
[EventRounds "9"]
[Source "lmi"]
[SourceDate "2012.04.07"]

1. Nf3 c5 2. c4 Nc6 3. Nc3 g6 4. e3 Nf6 5. d4 cxd4 6. exd4 d5 7. cxd5 Nxd5 8.
Qb3 e6 9. Bb5 Bg7 10. Nxd5 exd5 11. Ne5 Bd7 12. Bxc6 Bxc6 13. O-O O-O 1/2-1/2

[Event "Karposh Open  2012"]
[Site "Skopje MKD"]
[Date "2012.04.14"]
[Round "9.6"]
[White "Vojinovic, Goran"]
[Black "Chatalbashev, Boris"]
[Result "0-1"]
[WhiteElo "2429"]
[BlackElo "2570"]
[PlyCount "64"]
[EventDate "2012.04.07"]
[EventType "swiss"]
[EventRounds "9"]
[Source "lmi"]
[SourceDate "2012.04.07"]

1. d4 Nf6 2. c4 g6 3. Nc3 d5 4. Nf3 Bg7 5. e3 O-O 6. Qb3 e6 7. Bd2 b6 8. Be2
Bb7 9. cxd5 exd5 10. O-O Nbd7 11. Rfd1 Re8 12. Bf1 c6 13. Rac1 Qe7 14. Be1 Rad8
15. a3 Ne4 16. Na2 a5 17. Qc2 Qd6 18. Qb1 a4 19. Qc2 Ra8 20. Nc3 Nxc3 21. Bxc3
Qe6 22. Ne1 Nf6 23. Nd3 Ne4 24. Be1 Rec8 25. b4 Nd6 26. Nb2 Ba6 27. Nxa4 Bxf1
28. Kxf1 Nc4 29. Ra1 c5 30. Qb3 cxd4 31. exd4 Re8 32. Nc3 Qxe1+ 0-1

[Event "Karposh Open  2012"]
[Site "Skopje MKD"]
[Date "2012.04.14"]
[Round "9.8"]
[White "Yemelin, Vasily"]
[Black "D`costa, Lorin A R"]
[Result "1-0"]
[WhiteElo "2567"]
[BlackElo "2420"]
[PlyCount "125"]
[EventDate "2012.04.07"]
[EventType "swiss"]
[EventRounds "9"]
[Source "lmi"]
[SourceDate "2012.04.07"]

1. e4 c5 2. Nf3 Nc6 3. d4 cxd4 4. Nxd4 Qb6 5. Nb3 Nf6 6. Nc3 e6 7. g3 a6 8. Bg2
Qc7 9. O-O d6 10. a4 b6 11. f4 Bb7 12. g4 Be7 13. g5 Nd7 14. f5 Nde5 15. fxe6
fxe6 16. Ne2 Bc8 17. Nbd4 Nd8 18. Ra3 Bd7 19. Bh3 Nef7 20. Nf4 Qc5 21. Kh1 Nxg5
22. Qh5+ Ngf7 23. Nfxe6 Qxh5 24. Nxg7+ Kf8 25. Nxh5 Bxh3 26. Rxh3 Rc8 27. Rhf3
Rc4 28. c3 Rxa4 29. Bh6+ Ke8 30. Ng7+ Kd7 31. Rxf7 Nxf7 32. Rxf7 Rf8 33. Rxe7+
Kxe7 34. Ngf5+ Rxf5 35. exf5 Ra2 36. Bg5+ Kf7 37. b3 Ra1+ 38. Kg2 Rd1 39. Kf3
Rd3+ 40. Ke4 Rxc3 41. Kd5 a5 42. Bd8 Rh3 43. Bxb6 Rxh2 44. Bxa5 h5 45. Be1 Rh1
46. Nf3 Rf1 47. Ke4 d5+ 48. Kf4 d4 49. Ke4 d3 50. Ne5+ Ke7 51. Bh4+ Kd6 52.
Nxd3 Rg1 53. Bf2 Rg4+ 54. Nf4 h4 55. Kf3 Rg5 56. f6 Rf5 57. Bxh4 Rb5 58. Kg4
Rxb3 59. f7 Rb8 60. Kf5 Rf8 61. Kf6 Kd7 62. Kg7 Rxf7+ 63. Kxf7 1-0

[Event "Karposh Open  2012"]
[Site "Skopje MKD"]
[Date "2012.04.14"]
[Round "9.9"]
[White "Hera, Imre Jr"]
[Black "Likavsky, Tomas"]
[Result "1-0"]
[WhiteElo "2555"]
[BlackElo "2486"]
[PlyCount "71"]
[EventDate "2012.04.07"]
[EventType "swiss"]
[EventRounds "9"]
[Source "lmi"]
[SourceDate "2012.04.07"]

1. d4 d5 2. c4 e6 3. Nc3 Be7 4. Bf4 Nf6 5. e3 O-O 6. a3 b6 7. cxd5 exd5 8. Nf3
c5 9. Be2 Nc6 10. O-O Bb7 11. Ne5 cxd4 12. exd4 Nxe5 13. dxe5 Ne4 14. Nb5 Qd7
15. Nd4 Bc5 16. Bg4 Qe8 17. b4 Nc3 18. Qd3 Bxd4 19. Qxd4 Nb5 20. Qd3 d4 21.
Rfe1 Rd8 22. Bf5 h6 23. Qg3 Kh8 24. Qh4 Kg8 25. Qg4 Qc6 26. e6 fxe6 27. Bxe6+
Kh7 28. Bf5+ Kh8 29. f3 Bc8 30. Be5 Rf7 31. Qh4 Re8 32. Be4 Qe6 33. Bd3 Qc6 34.
Qh5 Rxe5 35. Qxf7 Rxe1+ 36. Rxe1 1-0

[Event "Karposh Open  2012"]
[Site "Skopje MKD"]
[Date "2012.04.14"]
[Round "9.14"]
[White "Krivokapic, Marko"]
[Black "Sedlak, Nikola"]
[Result "1-0"]
[WhiteElo "2415"]
[BlackElo "2593"]
[PlyCount "69"]
[EventDate "2012.04.07"]
[EventType "swiss"]
[EventRounds "9"]
[Source "lmi"]
[SourceDate "2012.04.07"]

1. e4 c5 2. Nf3 d6 3. d4 cxd4 4. Nxd4 Nf6 5. Nc3 Bd7 6. f3 e5 7. Nb3 Be7 8. Be3
O-O 9. Qd2 a5 10. a4 Be6 11. O-O-O Nc6 12. g4 Nb4 13. g5 Ne8 14. f4 f6 15. f5
Bf7 16. h4 d5 17. exd5 Nd6 18. Nc5 Nxf5 19. Nxb7 Qd7 20. gxf6 Qxb7 21. fxe7
Rfc8 22. Bb5 Nd6 23. Rhg1 Rxc3 24. bxc3 Na2+ 25. Kb1 Ne4 26. Qg2 Naxc3+ 27. Kc1
g6 28. d6 Na2+ 29. Kb2 Nac3 30. Ka1 Nxb5 31. axb5 Qc8 32. Qxe4 Qc3+ 33. Kb1 Rb8
34. Rd3 Rxb5+ 35. Kc1 1-0

[Event "Karposh Open  2012"]
[Site "Skopje MKD"]
[Date "2012.04.14"]
[Round "9.15"]
[White "Damljanovic, Branko"]
[Black "Dancevski, Orce"]
[Result "1-0"]
[WhiteElo "2582"]
[BlackElo "2380"]
[PlyCount "49"]
[EventDate "2012.04.07"]
[EventType "swiss"]
[EventRounds "9"]
[Source "lmi"]
[SourceDate "2012.04.07"]

1. d4 d5 2. c4 e6 3. Nf3 Nf6 4. g3 dxc4 5. Bg2 a6 6. O-O b5 7. Ne5 Nd5 8. a4
Bb7 9. e4 Nf6 10. axb5 axb5 11. Rxa8 Bxa8 12. Nc3 c6 13. Bg5 Be7 14. Qa1 Bb7
15. Qa7 Qc8 16. d5 O-O 17. dxe6 fxe6 18. Rd1 Na6 19. Nd7 Rf7 20. Bxf6 Bxf6 21.
Bh3 Bxc3 22. bxc3 Re7 23. Ne5 Qc7 24. f4 c5 25. Qxb7 1-0

[Event "Karposh Open  2012"]
[Site "Skopje MKD"]
[Date "2012.04.14"]
[Round "9.16"]
[White "Piskur, Mitja"]
[Black "Drazic, Sinisa"]
[Result "1-0"]
[WhiteElo "2303"]
[BlackElo "2536"]
[PlyCount "45"]
[EventDate "2012.04.07"]
[EventType "swiss"]
[EventRounds "9"]
[Source "lmi"]
[SourceDate "2012.04.07"]

1. d3 Nf6 2. Nf3 g6 3. g3 b6 4. Bg2 Bb7 5. O-O Bg7 6. e4 d6 7. a4 c5 8. c3 O-O
9. Qb3 Nc6 10. a5 Rb8 11. axb6 axb6 12. Nbd2 Na5 13. Qc2 Qc7 14. Re1 Nd7 15.
Nc4 Nxc4 16. dxc4 Bc6 17. Bg5 Rfe8 18. h4 Qb7 19. h5 Nf8 20. hxg6 hxg6 21. Qd2
Ra8 22. Rxa8 Qxa8 23. Nh4 1-0

[Event "Karposh Open  2012"]
[Site "Skopje MKD"]
[Date "2012.04.14"]
[Round "9.17"]
[White "Dastan, Muhammed Batuhan"]
[Black "Blagojevic, Dragisa"]
[Result "1/2-1/2"]
[WhiteElo "2239"]
[BlackElo "2523"]
[PlyCount "49"]
[EventDate "2012.04.07"]
[EventType "swiss"]
[EventRounds "9"]
[Source "lmi"]
[SourceDate "2012.04.07"]

1. e4 e5 2. f4 d5 3. exd5 exf4 4. Nf3 Nf6 5. Bc4 Nxd5 6. O-O Be7 7. d4 O-O 8.
Bxd5 Qxd5 9. Bxf4 Qd8 10. Nc3 Bf5 11. Ne5 Nd7 12. Nd5 Nxe5 13. Nxe7+ Qxe7 14.
Bxe5 Be6 15. Qf3 f6 16. Bf4 c6 17. b3 Qd7 18. c3 Rfe8 19. Qg3 a5 20. Bd6 Qf7
21. Rf2 a4 22. Raf1 Qg6 23. Qxg6 hxg6 24. bxa4 Rxa4 25. a3 1/2-1/2

[Event "Karposh Open  2012"]
[Site "Skopje MKD"]
[Date "2012.04.14"]
[Round "9.18"]
[White "Savic, Miodrag R"]
[Black "Menkinoski, Riste"]
[Result "1-0"]
[WhiteElo "2518"]
[BlackElo "2369"]
[PlyCount "121"]
[EventDate "2012.04.07"]
[EventType "swiss"]
[EventRounds "9"]
[Source "lmi"]
[SourceDate "2012.04.07"]

1. e4 c5 2. c3 d5 3. exd5 Qxd5 4. Nf3 Nc6 5. Na3 Nf6 6. Be2 Bf5 7. d4 e6 8. O-O
O-O-O 9. Qa4 cxd4 10. cxd4 Qa5 11. Qxa5 Nxa5 12. Ne5 Bxa3 13. bxa3 Rhf8 14. Bd2
Nc6 15. Rac1 Rxd4 16. Bb4 Rg8 17. Nxc6 bxc6 18. Rxc6+ Kb8 19. Rfc1 Be4 20. Bd6+
Ka8 21. Ra6 Rd8 22. Bc5 R4d7 23. f3 Bd5 24. Bb4 Bb7 25. Ra5 Rc8 26. Bc5 Bd5 27.
Ba6 Rcc7 28. Rb1 Bb7 29. Bf1 Bc8 30. Rab5 Rb7 31. a4 Nd5 32. R1b3 Nc7 33. Ra5
Nd5 34. Rab5 Rdc7 35. Bf8 g6 36. Ra5 Rc1 37. Rc5 Rc7 38. Rxc1 Rxc1 39. Kf2 Rc2+
40. Kg3 a6 41. a3 Bb7 42. Bd3 Rc8 43. Bd6 Rc6 44. Bf8 Rc8 45. Bh6 f5 46. Kf2
Rc6 47. h4 Kb8 48. Bg7 Kc8 49. Bd4 Rc1 50. Rb1 Rxb1 51. Bxb1 Kd7 52. Be5 Ne7
53. g4 Nc6 54. Bc3 Kd6 55. Ke3 Ne5 56. gxf5 gxf5 57. f4 Nd7 58. Bb4+ Kc7 59.
Kd4 Nb8 60. Ke5 Bd5 61. Bd6+ 1-0

[Event "Karposh Open  2012"]
[Site "Skopje MKD"]
[Date "2012.04.14"]
[Round "9.20"]
[White "Berescu, Alin-Mile"]
[Black "Raeva, Elitsa"]
[Result "1-0"]
[WhiteElo "2494"]
[BlackElo "2292"]
[PlyCount "50"]
[EventDate "2012.04.07"]
[EventType "swiss"]
[EventRounds "9"]
[Source "lmi"]
[SourceDate "2012.04.07"]

1. c4 c5 2. g3 Nc6 3. Bg2 g6 4. Nc3 Bg7 5. Nf3 d6 6. O-O Nf6 7. d4 Nd7 8. d5
Nce5 9. Nd2 f5 10. h3 O-O 11. f4 Nf7 12. Qc2 Nf6 13. b3 Rb8 14. Bb2 a6 15. a4
Nh5 16. Kh2 g5 17. e3 Qe8 18. a5 Nd8 19. Rg1 Qg6 20. Bf1 Qh6 21. Bd3 Bd7 22.
Na4 e5 23. dxe6 Nxe6 24. Bxg7 Nexg7 25. Nb6 Bc6 1-0

[Event "Karposh Open  2012"]
[Site "Skopje MKD"]
[Date "2012.04.14"]
[Round "9.22"]
[White "Arat, Ufuk Sezen"]
[Black "Potapov, Pavel"]
[Result "0-1"]
[WhiteElo "2089"]
[BlackElo "2473"]
[PlyCount "74"]
[EventDate "2012.04.07"]
[EventType "swiss"]
[EventRounds "9"]
[Source "lmi"]
[SourceDate "2012.04.07"]

1. e4 e5 2. Nf3 Nc6 3. Bb5 Nd4 4. Nxd4 exd4 5. O-O Bc5 6. d3 c6 7. Ba4 Ne7 8.
Bg5 O-O 9. Nd2 d5 10. Bb3 Be6 11. f4 f6 12. Bh4 Bf7 13. Qg4 Ng6 14. Bg3 Bd6 15.
Nf3 h5 16. Qf5 Qc8 17. Qxc8 Raxc8 18. Nxd4 Bc5 19. Bf2 Nxf4 20. Nf5 d4 21.
Bxf7+ Rxf7 22. Be1 Ne6 23. Bg3 Bf8 24. e5 g6 25. Nh4 g5 26. Nf3 f5 27. h4 g4
28. Ng5 Nxg5 29. hxg5 Be7 30. Bh4 Kg7 31. Rae1 Kg6 32. e6 Rff8 33. Re5 Rce8 34.
Rfe1 f4 35. R1e4 c5 36. c3 f3 37. cxd4 cxd4 0-1

[Event "Karposh Open  2012"]
[Site "Skopje MKD"]
[Date "2012.04.14"]
[Round "9.24"]
[White "Smith, Bryan G"]
[Black "Ilic, Zoran"]
[Result "1/2-1/2"]
[WhiteElo "2450"]
[BlackElo "2252"]
[PlyCount "63"]
[EventDate "2012.04.07"]
[EventType "swiss"]
[EventRounds "9"]
[Source "lmi"]
[SourceDate "2012.04.07"]

1. e4 c6 2. d4 g6 3. c3 Bg7 4. Bd3 d5 5. e5 Bf5 6. Bxf5 gxf5 7. Ne2 e6 8. Nd2
Nd7 9. Nf3 h6 10. O-O c5 11. Nf4 cxd4 12. cxd4 Qb6 13. b3 O-O-O 14. Ba3 Bf8 15.
Bxf8 Rxf8 16. Qc1+ Kb8 17. Qa3 Qa6 18. Qxa6 bxa6 19. Rac1 Ne7 20. g3 Rc8 21.
Kg2 Nc6 22. Nd3 a5 23. Nc5 Nxc5 24. Rxc5 Kb7 25. a4 Nb4 26. Rfc1 Nd3 27. Rxc8
Rxc8 28. Rxc8 Kxc8 29. Kf1 Nc1 30. Ke1 Kd7 31. Kd2 Nxb3+ 32. Ke1 1/2-1/2

[Event "Karposh Open  2012"]
[Site "Skopje MKD"]
[Date "2012.04.14"]
[Round "9.26"]
[White "Kastelic, Marian"]
[Black "Pacher, Milan"]
[Result "1-0"]
[WhiteElo "2286"]
[BlackElo "2402"]
[PlyCount "43"]
[EventDate "2012.04.07"]
[EventType "swiss"]
[EventRounds "9"]
[Source "lmi"]
[SourceDate "2012.04.07"]

1. e4 c5 2. Nf3 d6 3. d4 cxd4 4. Nxd4 Nf6 5. Nc3 g6 6. f4 Nc6 7. Nf3 Bg7 8. Bd3
O-O 9. O-O Bg4 10. Qe1 Qa5 11. Kh1 Rac8 12. Bd2 Qh5 13. Ne2 Qc5 14. c4 Bxf3 15.
Rxf3 Nd4 16. Nxd4 Qxd4 17. Bc3 Qc5 18. Rd1 Ng4 19. Bxg7 Kxg7 20. Qh4 h5 21. Be2
Nf6 22. Bd3 1-0

[Event "Karposh Open  2012"]
[Site "Skopje MKD"]
[Date "2012.04.14"]
[Round "9.27"]
[White "Dimitrijevic, Radmilo"]
[Black "Nikolov, Sasho"]
[Result "1-0"]
[WhiteElo "2240"]
[BlackElo "2397"]
[PlyCount "65"]
[EventDate "2012.04.07"]
[EventType "swiss"]
[EventRounds "9"]
[Source "lmi"]
[SourceDate "2012.04.07"]

1. e4 e5 2. Nf3 Nc6 3. Bc4 Bc5 4. c3 Nf6 5. d3 a6 6. Bb3 O-O 7. O-O Re8 8. h3
d5 9. Re1 h6 10. exd5 Nxd5 11. Nbd2 Ba7 12. Nc4 Qf6 13. d4 e4 14. Ncd2 Bxh3 15.
Bxd5 exf3 16. Bxf3 Rxe1+ 17. Qxe1 Bd7 18. Ne4 Qg6 19. Ng3 Re8 20. Qd1 Ne5 21.
Bh5 Qd3 22. Bf4 Qxd1+ 23. Rxd1 Nc4 24. Bxc7 Rc8 25. Bf4 Nxb2 26. Rb1 Nd3 27.
Rxb7 Nxf4 28. Bxf7+ Kxf7 29. Rxd7+ Kf8 30. Rxa7 Rxc3 31. Rxa6 Rd3 32. Nf5 g6
33. Rf6+ 1-0

[Event "Karposh Open  2012"]
[Site "Skopje MKD"]
[Date "2012.04.14"]
[Round "9.28"]
[White "Nestorovic, Lazar"]
[Black "Ratkovic, Miloje"]
[Result "1-0"]
[WhiteElo "2374"]
[BlackElo "2186"]
[PlyCount "110"]
[EventDate "2012.04.07"]
[EventType "swiss"]
[EventRounds "9"]
[Source "lmi"]
[SourceDate "2012.04.07"]

1. d4 d5 2. c4 c6 3. Nf3 Nf6 4. e3 e6 5. Bd3 Nbd7 6. b3 Bb4+ 7. Nbd2 O-O 8. O-O
c5 9. cxd5 exd5 10. Bb2 cxd4 11. Nxd4 Ne5 12. Be2 Qe7 13. N2f3 Bd6 14. Nb5
Nxf3+ 15. Bxf3 Be5 16. Ba3 Qd7 17. Bxf8 Qxb5 18. Be7 Bxa1 19. Qxa1 Ne4 20. Rd1
Be6 21. Qd4 Qc6 22. Ba3 Qc2 23. Qb2 Qxb2 24. Bxb2 Rc8 25. Rc1 Rxc1+ 26. Bxc1
Kf8 27. Bb2 f6 28. Be2 Ke7 29. Kf1 Kd7 30. Ke1 Nd6 31. f3 Bf5 32. Kd2 h5 33.
Bd4 b6 34. Bb2 Bb1 35. Ba3 Bg6 36. Bb4 Ke6 37. Ba3 Nf5 38. Bd3 Nh4 39. Bf1 Be8
40. Bf8 Kf7 41. Bd6 b5 42. Bb8 a6 43. Kc3 Nf5 44. Ba7 Ne7 45. Bc5 Nc6 46. Bd3
Ke6 47. b4 Ne5 48. Bc2 Nd7 49. Kd4 Ne5 50. Bb3 Nc4 51. Bc2 Ne5 52. e4 dxe4 53.
Bxe4 Bc6 54. Bh7 g5 55. Bg8+ Kf5 1-0